| Tag |
First Indicator |
Second Indicator |
Subfields |
| LEADER |
00000pam a22000004a 4500 |
| 001 |
in00001829310 |
| 005 |
20200328063635.0 |
| 008 |
040107s2004 gw a b 000 0 eng |
| 010 |
|
|
|a 2004041656
|
| 020 |
|
|
|a 3540207295 (alk. paper)
|
| 035 |
|
|
|a (OCoLC)ocm54024245
|
| 040 |
|
|
|a DLC
|c DLC
|d YDX
|d TXA
|d UtOrBLW
|
| 042 |
|
|
|a pcc
|
| 049 |
|
|
|a TXAM
|
| 050 |
0 |
0 |
|a TK3401
|b .U78 2004
|
| 082 |
0 |
0 |
|a 621.319/37
|2 22
|
| 100 |
1 |
|
|a Ushakov, V. I︠A︡.
|q (Vasiliĭ I︠A︡kovlevich)
|
| 245 |
1 |
0 |
|a Insulation of high-voltage equipment /
|c V.Y. Ushakov.
|
| 264 |
|
1 |
|a Berlin ;
|a New York :
|b Springer,
|c [2004]
|
| 264 |
|
4 |
|c ©2004
|
| 300 |
|
|
|a ix, 421 pages :
|b illustrations ;
|c 24 cm.
|
| 336 |
|
|
|a text
|b txt
|2 rdacontent
|
| 337 |
|
|
|a unmediated
|b n
|2 rdamedia
|
| 338 |
|
|
|a volume
|b nc
|2 rdacarrier
|
| 490 |
1 |
|
|a Power systems
|
| 504 |
|
|
|a Includes bibliographical references (pages [393]-421).
|
| 500 |
|
|
|a Engineering online library--title page.
|
| 650 |
|
0 |
|a Electric insulators and insulation.
|
| 650 |
|
0 |
|a Electric cables
|x Insulation.
|
| 830 |
|
0 |
|a Power systems.
|
| 994 |
|
|
|a E0
|b TXA
|
| 999 |
|
|
|a MARS
|
| 999 |
f |
f |
|s 78644a2e-1a28-3894-8e26-c60cf89c4649
|i b7f50117-0baf-374a-abc0-0f8d005f4d9e
|t 0
|
| 952 |
f |
f |
|p normal
|a Texas A&M University
|b College Station
|c Sterling C. Evans Library
|d Evans: Library Stacks
|t 0
|e TK3401 .U78 2004
|h Library of Congress classification
|i unmediated -- volume
|m A14831974629
|
| 998 |
f |
f |
|a TK3401 .U78 2004
|t 0
|l Evans: Library Stacks
|